| 000 | 01283nam a22002897a 4500 | ||
|---|---|---|---|
| 999 |
_c65285 _d65285 |
||
| 005 | 20240530110816.0 | ||
| 008 | 190626s2019 ua af |f b 000 0dara d | ||
| 017 |
_a2018/11251 _bمصر. دار الكتب |
||
| 020 | _a9789777358330 | ||
| 040 |
_aEG-CaGPL _cEG-CaGPL |
||
| 082 | 0 | 4 |
_221 _a709.1/ _bح د |
| 100 | 0 | _aحسن محمد نور عبدالنور | |
| 245 | 1 | 0 |
_aدراسات فى فن التصوير العثمانى / _cتاليف حسن محمد نور عبدالنور |
| 250 | _aط.1 | ||
| 260 |
_aالاسكندرية : _bدار الوفاء لدنيا الطباعة و النشر، _c2019. |
||
| 300 |
_a563 ص. : _bايض ؛ _c24 سم. |
||
| 490 | 0 | _aاثار. | |
| 504 | _aيشتمل على ارجاعات ببليوجرافية | ||
| 650 | 0 | 7 |
_2qrmak _aالات التصوير _xتاريخ _yالعصر العثمانى |
| 650 | 0 | 7 |
_2qrmak _aصور الاشخاص _xتاريخ _yالعصر العثمانى |
| 650 | 0 | 7 |
_2qrmak _aاحكام التصوير _xتاريخ _yالعصر العثمانى |
| 650 | 0 | 7 |
_2qrmak _aالفنون الجميلة _xتاريخ _yالعصر العثمانى |
| 650 | 0 | 7 |
_2qrmak _aالتصوير _xتجارب _yالعصر العثمانى |
| 651 | _2qrmak | ||
| 942 |
_2ddc _cBK |
||